000 00377 a2200157 4500
001 71403
020 _a8598553042
040 _cAnchieta - Colégio São Paulo
100 _aCedraz, Antônio Luiz Ramos
240 1 0 _aA Turma do Xaxado - Vol. 4
_lpor
245 1 0 _aA Turma do Xaxado - Vol. 4
300 _a32
362 0 _a2005
650 4 _aLiteratura infantil
942 _cBK
999 _c71403
_d71403